| 000 | 00477nam a2200193Ia 4500 | ||
|---|---|---|---|
| 008 | 160319s9999 xx 000 0 und d | ||
| 020 | _a9714805589 | ||
| 050 | _bAb165f 2002 | ||
| 100 | _aAbueg, Efren R. | ||
| 245 | _aFlorante at Laura : | ||
| 245 | _bisang awit / | ||
| 245 | _cEfren R. Abueg, Magdalena C. Sayas. | ||
| 260 | _aMakati : | ||
| 260 | _bVisual Print Enterprises | ||
| 260 | _c2002 | ||
| 300 | _a148 p. : | ||
| 300 | _bill. ; | ||
| 300 | _c25 cm. | ||
| 999 |
_c292289 _d292289 |
||